[Event "PRO League Group Stage"]
[Site "chess.com INT"]
[Date "2019.01.08"]
[Round "1"]
[White "Ding, Liren"]
[Black "Tang, Andrew"]
[Result "1-0"]
[WhiteTitle "GM"]
[BlackTitle "GM"]
[WhiteElo "2813"]
[BlackElo "2487"]
[WhiteTeam "Chengdu Pandas"]
[BlackTeam "Minnesota Blizzard"]
[WhiteFideId "8603677"]
[BlackFideId "2059630"]
[EventDate "2019.01.08"]

1. d4 d5 2. c4 e6 3. Nc3 Be7 4. cxd5 exd5 5. Bf4 c6 6. e3 Bf5 7. Nge2 Nd7 8. h4
Bxh4 9. Qb3 Nb6 10. a4 Bc8 11. a5 Nc4 12. e4 Be7 13. exd5 cxd5 14. Nb5 Nd6 15.
Nec3 Nf6 16. Nxd5 Nxd5 17. Qxd5 Nxb5 18. Bxb5+ Kf8 19. Qxd8+ Bxd8 20. d5 a6 21.
Bc4 Bf6 22. Kd2 g5 23. Bc7 Bd7 24. d6 Bc6 25. f3 Bd8 26. Rh6 Kg7 27. Rah1 Rc8
28. Bxd8 Rcxd8 29. Bd3 Rd7 30. Bf5 Rdd8 31. Kc3 Rde8 32. d7 Re5 33. Rxh7+ 1-0

[Event "PRO League Group Stage"]
[Site "chess.com INT"]
[Date "2019.01.08"]
[Round "1"]
[White "Wang, Yue"]
[Black "Bartholomew, John"]
[Result "1-0"]
[WhiteTitle "GM"]
[BlackTitle "IM"]
[WhiteElo "2684"]
[BlackElo "2439"]
[WhiteTeam "Chengdu Pandas"]
[BlackTeam "Minnesota Blizzard"]
[WhiteFideId "8601429"]
[BlackFideId "2019353"]
[EventDate "2019.01.08"]

1. Nf3 d5 2. d4 Nf6 3. c4 c6 4. Qb3 dxc4 5. Qxc4 Bf5 6. g3 e6 7. Bg2 Nbd7 8. O-O
Be7 9. e3 O-O 10. Rd1 Ne4 11. Qe2 h6 12. Ne1 Rc8 13. f3 Nd6 14. e4 Bh7 15. Nc3
f5 16. e5 Ne8 17. Nd3 Nc7 18. f4 Nd5 19. Bd2 Qb6 20. Qf2 Bg6 21. Bf3 Rfd8 22.
Rdc1 a6 23. Rab1 Qa7 24. Na4 Bf7 25. Rc2 Nf8 26. Ba5 b6 27. Bd2 g5 28. Rbc1 Qb7
29. Nc3 Ng6 30. Bg2 g4 31. Bf1 h5 32. Nxd5 cxd5 33. Nb4 Rxc2 34. Rxc2 Bxb4 35.
Bxb4 Rc8 36. Qd2 Be8 37. Qc1 Bd7 38. Bd6 Rxc2 39. Qxc2 Kf7 40. Qc7 Qxc7 41. Bxc7
b5 42. Kf2 Ne7 43. Ke3 Nc6 44. Bb6 Ke7 45. Kd2 Be8 46. Kc3 Kd7 47. a4 bxa4 48.
Bxa6 Ke7 49. Bc5+ Kd7 50. Bb5 Kc7 51. Bxa4 Bd7 52. b3 Kb7 53. Kb2 Ka6 54. Ka3
Kb7 55. b4 Nb8 56. b5 Be8 57. Kb4 Nd7 58. Ka5 Nb8 59. Bd6 Nd7 60. b6 Nxb6 61.
Bxe8 Nc4+ 62. Kb4 Ne3 63. Bf7 Nf1 64. Bxe6 Kc6 65. Bf7 h4 66. Be8+ Kb7 67. Kc5
Nxh2 68. Bc6+ Ka6 69. e6 hxg3 70. e7 g2 71. e8=Q g1=Q 72. Qa8# 1-0

[Event "PRO League Group Stage"]
[Site "chess.com INT"]
[Date "2019.01.08"]
[Round "1"]
[White "Corrales Jimenez, Fidel"]
[Black "Zhao, Jun"]
[Result "1-0"]
[WhiteTitle "GM"]
[BlackTitle "GM"]
[WhiteElo "2559"]
[BlackElo "2610"]
[WhiteTeam "Minnesota Blizzard"]
[BlackTeam "Chengdu Pandas"]
[WhiteFideId "3506690"]
[BlackFideId "8602522"]
[EventDate "2019.01.08"]

1. e4 Nf6 2. e5 Nd5 3. d4 d6 4. exd6 cxd6 5. c4 Nb6 6. Nc3 g6 7. Be3 Bg7 8. Rc1
O-O 9. b3 Bf5 10. Be2 d5 11. c5 Nc8 12. Bf3 e6 13. g4 Be4 14. Nxe4 dxe4 15. Bxe4
Nc6 16. Ne2 N8e7 17. O-O Qd7 18. Bg2 Rad8 19. h3 Qc7 20. Qd2 Rd7 21. Rfd1 Rfd8
22. b4 a6 23. a4 e5 24. b5 axb5 25. axb5 Nxd4 26. Nxd4 exd4 27. Bg5 Rc8 28. c6
bxc6 29. bxc6 Rdd8 30. Re1 Re8 31. Bf4 Qb6 32. c7 Qb5 33. Rb1 Qd7 34. Rb8 1-0

[Event "PRO League Group Stage"]
[Site "chess.com INT"]
[Date "2019.01.08"]
[Round "1"]
[White "Flores Rios, Mauricio"]
[Black "Zhang, Di"]
[Result "1-0"]
[WhiteTitle "GM"]
[WhiteElo "2529"]
[BlackElo "1966"]
[WhiteTeam "Minnesota Blizzard"]
[BlackTeam "Chengdu Pandas"]
[WhiteFideId "3408027"]
[BlackFideId "8616590"]
[EventDate "2019.01.08"]

1. Nf3 c5 2. g3 Nc6 3. Bg2 g6 4. O-O Bg7 5. c4 e6 6. Nc3 Nge7 7. b3 d5 8. Bb2
O-O 9. e3 Nf5 10. Qb1 d4 11. Ne4 b6 12. exd4 cxd4 13. Re1 Bb7 14. Ba3 Nfe7 15.
Nd6 Ba6 16. Ng5 Rb8 17. Qe4 Bc8 18. Qh4 h6 19. Ngxf7 Rxf7 20. Nxf7 Kxf7 21. Bxe7
Qxe7 22. Qf4+ Kg8 23. Bxc6 e5 24. Bd5+ Kh7 25. Qxd4 Qf6 26. Qe3 Bh3 27. Bg2 Bf5
28. Rac1 Rd8 29. c5 Rd3 30. Qe2 bxc5 31. Rxc5 Qd6 32. Rc2 Rd4 33. Rc6 Qd7 34.
Qe3 e4 35. Rc2 Rd3 36. Qe2 Rd5 37. Rec1 Qd8 38. Bxe4 Re5 39. d3 Qd4 40. Rc7 Bxe4
41. dxe4 Rxe4 42. Qf3 Re6 43. Rf7 Rf6 44. Rxf6 Bxf6 45. Rc7+ Bg7 46. Qf7 Qa1+
47. Kg2 1-0

[Event "PRO League Group Stage"]
[Site "chess.com INT"]
[Date "2019.01.08"]
[Round "1"]
[White "Naroditsky, Daniel"]
[Black "Mamedyarov, Shakhriyar"]
[Result "1/2-1/2"]
[WhiteTitle "GM"]
[BlackTitle "GM"]
[WhiteElo "2616"]
[BlackElo "2817"]
[WhiteTeam "San Francisco Mechanics"]
[BlackTeam "San Jose Hackers"]
[WhiteFideId "2026961"]
[BlackFideId "13401319"]
[EventDate "2019.01.08"]

1. d4 d5 2. Bf4 e6 3. e3 Bd6 4. Nf3 Nf6 5. Bg3 c5 6. c3 Nc6 7. Nbd2 O-O 8. Bb5
cxd4 9. exd4 Ne7 10. Bd3 Ng6 11. O-O Bxg3 12. fxg3 b5 13. Qe2 Qb6 14. Ng5 b4 15.
Ndf3 h6 16. Nh3 Ne4 17. Bxe4 dxe4 18. Qxe4 Bb7 19. Qe3 Rac8 20. Nf4 Ne7 21. g4
Nd5 22. Nxd5 Bxd5 23. g5 hxg5 24. Nxg5 f6 25. Ne4 Bxe4 26. Qxe4 bxc3 27. bxc3
Rxc3 28. Rae1 Rd8 29. Rxf6 gxf6 30. Qg6+ Kh8 31. Qxf6+ Kh7 32. Qf7+ Kh8 33. Qf6+
Kh7 34. Qf7+ Kh8 1/2-1/2

[Event "PRO League Group Stage"]
[Site "chess.com INT"]
[Date "2019.01.08"]
[Round "1"]
[White "Gozzoli, Yannick"]
[Black "Izoria, Zviad"]
[Result "1/2-1/2"]
[WhiteTitle "GM"]
[BlackTitle "GM"]
[WhiteElo "2630"]
[BlackElo "2603"]
[WhiteTeam "San Francisco Mechanics"]
[BlackTeam "San Jose Hackers"]
[WhiteFideId "616915"]
[BlackFideId "13601733"]
[EventDate "2019.01.08"]

1. d4 Nf6 2. Nf3 g6 3. Bg5 Bg7 4. Nbd2 O-O 5. c3 d6 6. e4 h6 7. Bh4 Nc6 8. Be2
e5 9. dxe5 Nxe5 10. Nxe5 dxe5 11. O-O Be6 12. Qc2 c6 13. Rfe1 Qc7 14. Bc4 Rfe8
15. Rad1 Nd7 16. Bxe6 Rxe6 17. f3 Bf8 18. Bf2 Rd8 19. b4 a5 20. a3 Ree8 21. Nc4
axb4 22. cxb4 b5 23. Na5 c5 24. Rd2 Rc8 25. Red1 Nf6 26. Rc1 c4 27. Rcd1 Red8
28. Kf1 Rxd2 29. Qxd2 Be7 30. Qxh6 Nh5 31. g3 Ng7 32. Rd5 Ne6 33. Qc1 c3 34. Qc2
Rd8 35. Rxd8+ Bxd8 36. Be1 Qd7 37. Bxc3 Ng5 38. Qd2 Qh3+ 39. Qg2 Qc8 40. Bd2 Qc2
41. Qe2 Nxf3 42. Qxf3 Qxd2 43. Qe2 Qc1+ 44. Kg2 Qxa3 45. Qxb5 Qa2+ 46. Kh3 Qe6+
47. g4 Qe7 48. Kg2 Qh4 49. Qe2 Bg5 50. h3 Bf4 51. Qf2 Qd8 52. Qe2 Qd4 53. Nc6
Qc3 54. Ne7+ Kf8 55. Nd5 Qg3+ 56. Kf1 Qxh3+ 57. Qg2 Qd3+ 58. Qe2 Qh3+ 59. Qg2
Qd3+ 60. Qe2 1/2-1/2

[Event "PRO League Group Stage"]
[Site "chess.com INT"]
[Date "2019.01.08"]
[Round "1"]
[White "Yoo, Christopher Woojin"]
[Black "Bhat, Vinay"]
[Result "0-1"]
[WhiteTitle "FM"]
[BlackTitle "GM"]
[WhiteElo "2388"]
[BlackElo "2519"]
[WhiteTeam "San Jose Hackers"]
[BlackTeam "San Francisco Mechanics"]
[WhiteFideId "30909694"]
[BlackFideId "2011352"]
[EventDate "2019.01.08"]

1. e4 e5 2. Nf3 Nc6 3. Bb5 a6 4. Ba4 Nf6 5. O-O Be7 6. d3 b5 7. Bb3 d6 8. a4 Bd7
9. c3 O-O 10. Bc2 Re8 11. Re1 Rb8 12. axb5 axb5 13. b4 Ra8 14. Rxa8 Qxa8 15. Bb3
h6 16. Nbd2 Bf8 17. Nf1 Be6 18. Bxe6 Rxe6 19. Qb3 Nb8 20. Re2 Nbd7 21. Ra2 Qc6
22. Ne3 Re8 23. Nd5 Nxd5 24. exd5 Qb7 25. Be3 Ra8 26. Rxa8 Qxa8 27. h3 Nf6 28.
c4 c6 29. dxc6 Qxc6 30. cxb5 Qxb5 31. Qc4 Qb7 32. b5 d5 33. Qa4 d4 34. Bd2 Nd7
35. Bb4 Bxb4 36. Qxb4 Qb6 37. Nd2 Qc5 38. Qc4 Kf8 39. Nb3 Qxc4 40. dxc4 Ke7 41.
c5 Ke6 42. c6 Nb6 43. Nc5+ Kd6 44. Nb7+ Kd5 45. f3 f5 46. g4 e4 47. gxf5 e3 48.
Kf1 d3 49. c7 Kc4 50. Nd6+ Kc3 51. Ne4+ Kc2 0-1

[Event "PRO League Group Stage"]
[Site "chess.com INT"]
[Date "2019.01.08"]
[Round "1"]
[White "Ke, Ivan"]
[Black "Ezra, Paul Chambers"]
[Result "0-1"]
[BlackTitle "FM"]
[WhiteElo "2251"]
[BlackElo "2360"]
[WhiteTeam "San Jose Hackers"]
[BlackTeam "San Francisco Mechanics"]
[WhiteFideId "30914477"]
[BlackFideId "20300204"]
[EventDate "2019.01.08"]

1. d4 Nf6 2. Nf3 d5 3. c4 c6 4. Nc3 a6 5. a4 e6 6. Bg5 Be7 7. e3 a5 8. Bd3 Na6
9. Rc1 Nb4 10. Bb1 dxc4 11. O-O O-O 12. Ne5 b6 13. Na2 Nfd5 14. Bxe7 Qxe7 15. e4
Nxa2 16. Bxa2 Nb4 17. Bxc4 Rd8 18. f4 c5 19. f5 Rxd4 20. Qh5 f6 21. Ng6 Qe8 22.
Rc3 Rxc4 23. Rh3 h6 24. e5 Nd5 25. Rg3 exf5 26. Qf3 Re4 27. Qb3 Be6 28. Qf3 Re3
29. Qh5 Rxg3 30. hxg3 Bf7 0-1

[Event "PRO League Group Stage"]
[Site "chess.com INT"]
[Date "2019.01.08"]
[Round "1"]
[White "Holt, Conrad"]
[Black "Sarana, Alexey"]
[Result "0-1"]
[WhiteTitle "GM"]
[BlackTitle "GM"]
[WhiteElo "2548"]
[BlackElo "2630"]
[WhiteTeam "Dallas Destiny"]
[BlackTeam "Australia Kangaroos"]
[WhiteFideId "2034387"]
[BlackFideId "24133795"]
[EventDate "2019.01.08"]

1. d4 Nf6 2. c4 e6 3. Nf3 d5 4. Nc3 Bb4 5. Bg5 dxc4 6. e4 c5 7. Bxc4 cxd4 8.
Nxd4 Qa5 9. Bd2 Qc5 10. Bb5+ Bd7 11. Nb3 Qc7 12. Bxd7+ Nbxd7 13. Nb5 Qc4 14. Qe2
Bxd2+ 15. Nxd2 Qxe2+ 16. Kxe2 Ke7 17. Rac1 a6 18. Nd4 Rac8 19. N4b3 Rhd8 20. Na5
Nc5 21. f3 b6 22. b4 bxa5 23. bxc5 Nd7 24. Nb3 a4 25. Na5 Nxc5 26. Rc4 Nd3 27.
Nc6+ Ke8 28. Ke3 Nb2 29. Rcc1 Rd3+ 30. Ke2 Ra3 31. Ne5 Rxc1 32. Rxc1 f6 33. Rc8+
Ke7 34. Rc2 fxe5 35. Rxb2 h5 36. Kd2 h4 37. h3 Kf6 38. Rc2 Kg5 39. Ke2 Kf4 40.
Kf2 a5 41. Kg1 g6 42. Kh2 Ke3 43. Rc5 Kd4 44. Rxa5 Rxa2 45. Ra6 a3 46. Rxe6 g5
47. Ra6 Kc3 48. Ra8 Ra1 49. g4 Ra2+ 50. Kg1 Kd4 51. Rg8 Rb2 52. Rxg5 a2 0-1

[Event "PRO League Group Stage"]
[Site "chess.com INT"]
[Date "2019.01.08"]
[Round "1"]
[White "Zhou, Jianchao"]
[Black "Smirnov, Anton"]
[Result "1/2-1/2"]
[WhiteTitle "GM"]
[BlackTitle "GM"]
[WhiteElo "2609"]
[BlackElo "2569"]
[WhiteTeam "Dallas Destiny"]
[BlackTeam "Australia Kangaroos"]
[WhiteFideId "8603537"]
[BlackFideId "3208923"]
[EventDate "2019.01.08"]

1. d4 Nf6 2. c4 e6 3. Nf3 d5 4. e3 a6 5. b3 b6 6. Bb2 Bb7 7. Bd3 Nbd7 8. O-O Bd6
9. Nbd2 O-O 10. Qe2 Qe7 11. Rfd1 Ne4 12. Rac1 f5 13. a4 Bb4 14. cxd5 Nxd2 15.
Nxd2 Bxd5 16. Rxc7 Qd8 17. Rcc1 Bxd2 18. Rxd2 Bxb3 19. Bxa6 Nf6 20. d5 Bxd5 21.
f3 Qe7 22. Bb5 Rfc8 23. Rdc2 Bb7 24. Bd4 Nd5 25. Rxc8+ Rxc8 26. Rxc8+ Bxc8 27.
Bc4 Qb4 28. Bxd5 exd5 29. h4 Qxa4 30. Qf2 Qd7 31. Bxb6 Qf7 32. Bd4 h6 33. Qg3
Bd7 34. Qe5 Kh7 35. Kf2 Be6 36. Kg3 Bd7 37. Kf2 Be6 38. Qd6 Qd7 39. Qe5 Qf7 1/2-1/2

[Event "PRO League Group Stage"]
[Site "chess.com INT"]
[Date "2019.01.08"]
[Round "1"]
[White "Kuybokarov, Temur"]
[Black "Zhu, Jiner"]
[Result "1-0"]
[WhiteTitle "IM"]
[BlackTitle "WIM"]
[WhiteElo "2513"]
[BlackElo "2424"]
[WhiteTeam "Australia Kangaroos"]
[BlackTeam "Dallas Destiny"]
[WhiteFideId "14203049"]
[BlackFideId "8608059"]
[EventDate "2019.01.08"]

1. d4 Nf6 2. Nf3 e6 3. Bg5 d5 4. Nbd2 Be7 5. e3 Nbd7 6. Bd3 c5 7. c3 b6 8. Ne5
Bb7 9. f4 O-O 10. Qf3 h6 11. h4 Ne4 12. Nxe4 dxe4 13. Bxe4 Bxe4 14. Qxe4 hxg5
15. hxg5 f5 16. gxf6 Nxf6 17. Qf3 Nd7 18. Ng6 Nf6 19. Rh8+ Kf7 20. Ne5+ Ke8 21.
Qc6+ Nd7 22. Rxf8+ Bxf8 23. Qxe6+ Qe7 24. Qg6+ Kd8 25. Nc6+ 1-0

[Event "PRO League Group Stage"]
[Site "chess.com INT"]
[Date "2019.01.08"]
[Round "1"]
[White "Matheson, Laurence"]
[Black "Javakhadze, Zurab"]
[Result "0-1"]
[BlackTitle "IM"]
[WhiteElo "2253"]
[BlackElo "2449"]
[WhiteTeam "Australia Kangaroos"]
[BlackTeam "Dallas Destiny"]
[WhiteFideId "3200264"]
[BlackFideId "13603647"]
[EventDate "2019.01.08"]

1. e4 e5 2. Nf3 Nc6 3. Bb5 a6 4. Ba4 Nf6 5. d3 d6 6. c3 Bd7 7. O-O g6 8. Nbd2
Bg7 9. Re1 O-O 10. Nf1 h6 11. Ng3 Nh7 12. d4 Qe8 13. Bc2 Bg4 14. Be3 Bxf3 15.
gxf3 Ng5 16. h4 Nh7 17. Qd2 h5 18. f4 Qd8 19. f5 Qxh4 20. d5 Nb8 21. Kg2 Qe7 22.
Nxh5 gxh5 23. Rh1 h4 24. Rag1 Bf6 25. Bh6 Nd7 26. Kf1+ Kh8 27. Rxh4 Rg8 28. Rhh1
Rxg1+ 29. Kxg1 Rg8+ 30. Kf1 Bg5 31. Qe2 Qf6 0-1

[Event "PRO League Group Stage"]
[Site "chess.com INT"]
[Date "2019.01.08"]
[Round "1"]
[White "Mikhalevski, Victor"]
[Black "Brown, Michael William"]
[Result "1-0"]
[WhiteTitle "GM"]
[BlackTitle "IM"]
[WhiteElo "2581"]
[BlackElo "2524"]
[WhiteTeam "Seattle Sluggers"]
[BlackTeam "San Diego Surfers"]
[WhiteFideId "2801914"]
[BlackFideId "2037602"]
[EventDate "2019.01.08"]

1. d4 d5 2. c4 dxc4 3. Nf3 Nf6 4. e3 a6 5. Bxc4 c5 6. O-O e6 7. dxc5 Bxc5 8.
Qxd8+ Kxd8 9. b3 Ke7 10. Bb2 Bd7 11. Ne5 Bb5 12. Na3 Bxc4 13. Naxc4 b5 14. Nd3
bxc4 15. Nxc5 Rc8 16. Ba3 Ke8 17. Rac1 cxb3 18. Nxe6 Rxc1 19. Nxg7+ Kd7 20. Rxc1
bxa2 21. Ra1 Nc6 22. Rxa2 a5 23. f3 Rb8 24. Rd2+ Kc8 25. Rd6 1-0

[Event "PRO League Group Stage"]
[Site "chess.com INT"]
[Date "2019.01.08"]
[Round "1"]
[White "Hilby, Craig"]
[Black "Margvelashvili, Giorgi"]
[Result "1/2-1/2"]
[WhiteTitle "IM"]
[BlackTitle "GM"]
[WhiteElo "2445"]
[BlackElo "2530"]
[WhiteTeam "San Diego Surfers"]
[BlackTeam "Seattle Sluggers"]
[WhiteFideId "2062674"]
[BlackFideId "13602926"]
[EventDate "2019.01.08"]

1. e4 c6 2. d4 d5 3. e5 Bf5 4. h4 Qc7 5. Nc3 a6 6. g4 Bd7 7. Be3 e6 8. f4 c5 9.
Nf3 h5 10. gxh5 cxd4 11. Nxd4 Bb4 12. Qd2 Rxh5 13. Be2 Rh8 14. a3 Bxc3 15. bxc3
Ne7 16. h5 Nbc6 17. Rg1 Nxd4 18. cxd4 Nf5 19. a4 Rc8 20. Ra2 Qc3 21. Qxc3 Rxc3
22. Bd2 Rc8 23. c3 b5 24. a5 Ke7 25. Kd1 Rcg8 26. Bc1 g6 27. Ba3+ Kd8 28. hxg6
Rxg6 29. Rxg6 Rh1+ 30. Kd2 fxg6 31. Rc2 Rh2 32. Kc1 Ne3 33. Rd2 Nc4 34. Bxc4
Rxd2 35. Kxd2 bxc4 1/2-1/2

[Event "PRO League Group Stage"]
[Site "chess.com INT"]
[Date "2019.01.08"]
[Round "1"]
[White "Kiewra, Keaton"]
[Black "Bashkansky, Naomi"]
[Result "1-0"]
[WhiteTitle "IM"]
[BlackTitle "WIM"]
[WhiteElo "2362"]
[BlackElo "1994"]
[WhiteTeam "San Diego Surfers"]
[BlackTeam "Seattle Sluggers"]
[WhiteFideId "2019280"]
[BlackFideId "2072289"]
[EventDate "2019.01.08"]

1. Nf3 d5 2. e3 c5 3. d4 Nc6 4. Bb5 cxd4 5. exd4 Bg4 6. h3 Bh5 7. O-O e6 8. c3
Bd6 9. Qa4 Ne7 10. Ne5 Qc7 11. Nxc6 bxc6 12. Bd3 O-O 13. Qc2 Bg6 14. Bxg6 Nxg6
15. Nd2 f6 16. c4 Qf7 17. Nf3 h6 18. Be3 e5 19. cxd5 cxd5 20. Qc6 Rad8 21. dxe5
fxe5 22. Qa6 Bb8 23. Rac1 d4 24. Bd2 e4 25. Nh2 Bf4 26. Bxf4 Nxf4 27. Ng4 h5 28.
Ne5 Qf6 29. Qxf6 gxf6 30. Nc6 Ne2+ 31. Kh2 Nxc1 32. Nxd8 Rxd8 33. Rxc1 Kf7 34.
Kg3 Ke6 35. Kf4 Kd5 36. b4 Rb8 37. Rc5+ Kd6 38. a3 Re8 39. Rc4 Kd5 40. Rc5+ Kd6
41. g3 d3 42. Ke3 Re5 43. Rxe5 Kxe5 44. b5 Kd5 45. g4 hxg4 46. h4 Kc4 47. Kd2 f5
48. h5 f4 49. h6 Kd4 50. h7 e3+ 51. fxe3+ fxe3+ 52. Ke1 Kc3 53. h8=Q+ Kc2 54.
Qc8+ Kb2 55. Qxg4 Kxa3 56. Qc4 d2+ 57. Ke2 Kb2 58. Qd3 Kc1 59. Qc3+ Kb1 60. Qxe3
Kb2 61. Qxd2+ Kb1 62. Qa5 Kb2 63. Qxa7 Kb1 64. b6 Kc2 65. b7 1-0

[Event "PRO League Group Stage"]
[Site "chess.com INT"]
[Date "2019.01.08"]
[Round "1"]
[White "Flores Rios, Mauricio"]
[Black "Ding, Liren"]
[Result "0-1"]
[WhiteTitle "GM"]
[BlackTitle "GM"]
[WhiteElo "2529"]
[BlackElo "2813"]
[WhiteTeam "Minnesota Blizzard"]
[BlackTeam "Chengdu Pandas"]
[WhiteFideId "3408027"]
[BlackFideId "8603677"]
[EventDate "2019.01.08"]

1. d4 Nf6 2. c4 e6 3. Nf3 d5 4. g3 Bb4+ 5. Bd2 Be7 6. Bg2 O-O 7. O-O c6 8. Qc2
Nbd7 9. Rd1 a5 10. b3 Ne4 11. Nc3 Nxd2 12. Nxd2 f5 13. e3 g5 14. a3 h5 15. Kf1
Kg7 16. Ke2 Bd6 17. h4 g4 18. Qb2 Qe7 19. Re1 Nf6 20. Kd1 Bd7 21. Ne2 b5 22. c5
Bc7 23. b4 Ra7 24. Kc2 Rfa8 25. Nb3 Be8 26. Nf4 Bf7 27. Reb1 Nd7 28. Nd3 Bg6 29.
a4 bxa4 30. Rxa4 axb4 31. Rxa7 Rxa7 32. Ra1 Rxa1 33. Qxa1 e5 34. Qa7 Bb8 35. Qb7
f4 36. Kd2 fxe3+ 37. fxe3 Bxd3 38. Qxc6 e4 39. Qb7 Qf7 40. Kc1 Bxg3 41. c6 Nf8
42. Qxb4 Ne6 43. Qa5 Qf2 0-1

[Event "PRO League Group Stage"]
[Site "chess.com INT"]
[Date "2019.01.08"]
[Round "1"]
[White "Corrales Jimenez, Fidel"]
[Black "Wang, Yue"]
[Result "1/2-1/2"]
[WhiteTitle "GM"]
[BlackTitle "GM"]
[WhiteElo "2559"]
[BlackElo "2684"]
[WhiteTeam "Minnesota Blizzard"]
[BlackTeam "Chengdu Pandas"]
[WhiteFideId "3506690"]
[BlackFideId "8601429"]
[EventDate "2019.01.08"]

1. e4 c5 2. Nf3 e6 3. d4 cxd4 4. Nxd4 Nc6 5. Nc3 Qc7 6. Ndb5 Qb8 7. Be2 a6 8.
Nd4 Nf6 9. O-O Bd6 10. Kh1 Nxd4 11. Qxd4 Be5 12. Qd3 b5 13. f4 Bxc3 14. Qxc3 Bb7
15. e5 Ne4 16. Qh3 O-O 17. Be3 f5 18. exf6 Rxf6 19. f5 Qe5 20. fxe6 dxe6 21.
Rxf6 Nxf6 22. Rf1 Rf8 23. c3 Be4 24. Kg1 Bf5 25. Qg3 Qxg3 26. hxg3 Rd8 27. Rd1
Rxd1+ 28. Bxd1 Kf7 29. a4 Bd3 30. Bd4 Nd7 31. a5 e5 32. Ba7 Nf6 33. Kf2 Ke6 34.
Ke3 Be4 35. Kf2 h5 36. Be2 Bd5 37. Ke3 Kf5 38. Bb6 g5 39. Bd8 Ng4+ 40. Bxg4+
Kxg4 41. Kf2 Kf5 42. Be7 g4 43. Bd6 Ke4 44. Bc7 Bc6 45. Bb8 Bd5 46. b4 Bc4 47.
Bc7 Kd5 48. Bb8 Bd3 49. Bc7 e4 50. Bb6 Kc4 51. Bd4 Bc2 52. Ke3 Bb1 53. Kd2 Kd5
54. Ke3 Bd3 55. Bg7 Bf1 56. Kf2 Bc4 57. Ke3 Bd3 58. Bd4 Bf1 59. Kf2 Bd3 60. Ke3
Bf1 61. Kf2 Bd3 62. Ke3 Bf1 63. Kf2 1/2-1/2

[Event "PRO League Group Stage"]
[Site "chess.com INT"]
[Date "2019.01.08"]
[Round "1"]
[White "Zhao, Jun"]
[Black "Bartholomew, John"]
[Result "1-0"]
[WhiteTitle "GM"]
[BlackTitle "IM"]
[WhiteElo "2610"]
[BlackElo "2439"]
[WhiteTeam "Chengdu Pandas"]
[BlackTeam "Minnesota Blizzard"]
[WhiteFideId "8602522"]
[BlackFideId "2019353"]
[EventDate "2019.01.08"]

1. d4 d5 2. Bf4 c5 3. e3 cxd4 4. exd4 Nc6 5. c3 Nf6 6. Bd3 a6 7. h3 g6 8. Nf3
Bg7 9. O-O O-O 10. Nbd2 Bf5 11. Bxf5 gxf5 12. Ne5 e6 13. Ndf3 Rc8 14. Qe2 Ne4
15. Nxc6 Rxc6 16. Ne5 Rc8 17. f3 Nd6 18. Nd3 Nc4 19. g4 Re8 20. Rae1 f6 21. Qh2
fxg4 22. hxg4 Qa5 23. Kg2 e5 24. dxe5 fxe5 25. Rh1 exf4 26. Qxh7+ Kf8 27. Qf5+
Kg8 28. Nxf4 Qc5 29. Qh7+ Kf8 30. Qf5+ Kg8 31. Ne6 Ne3+ 32. Rxe3 Qxe3 33. Qh7+
Kf7 34. Qxg7+ Kxe6 35. Rh6+ Qxh6 36. Qxh6+ Kd7 37. Kf2 Re6 38. Qd2 Kc6 39. g5
Rh8 40. Kg3 Rh1 41. Qd4 Rhe1 42. Kg4 R6e2 43. Kf5 Re3 44. f4 Re4 45. Qf6+ Kc5
46. g6 Rf1 47. Qg5 1-0

[Event "PRO League Group Stage"]
[Site "chess.com INT"]
[Date "2019.01.08"]
[Round "1"]
[White "Zhang, Di"]
[Black "Tang, Andrew"]
[Result "0-1"]
[BlackTitle "GM"]
[WhiteElo "1966"]
[BlackElo "2487"]
[WhiteTeam "Chengdu Pandas"]
[BlackTeam "Minnesota Blizzard"]
[WhiteFideId "8616590"]
[BlackFideId "2059630"]
[EventDate "2019.01.08"]

1. d4 d5 2. c4 e6 3. Nc3 Be7 4. Nf3 Nf6 5. g3 O-O 6. Bg2 c6 7. O-O Nbd7 8. Nd2
b6 9. e4 Ba6 10. b3 Rc8 11. Re1 c5 12. dxc5 dxc4 13. e5 Nxc5 14. exf6 Bxf6 15.
Ndb1 Nd3 16. Re3 Bg5 17. bxc4 Nxc1 18. Qxc1 Bxe3 19. Qxe3 Bxc4 20. Nd2 Qd3 21.
Re1 Rfd8 22. Nxc4 Qxc4 23. Ne4 Qxa2 24. Qf4 Rd7 25. Bh3 h6 26. Qg4 Qb2 27. Qf4
Rcd8 28. Kg2 Qd4 29. Qf3 Qb4 30. Re3 Rc7 31. Nc3 Qc4 32. Bg4 Rcd7 33. Bh5 g6 34.
Bg4 Rd3 35. Ne4 Rxe3 36. Qxe3 Kg7 37. Qf4 Qd4 38. Bf3 f5 39. Qh4 Rd7 40. Qf4
fxe4 41. Bxe4 Rf7 42. Qe3 Qxe3 43. fxe3 b5 0-1

[Event "PRO League Group Stage"]
[Site "chess.com INT"]
[Date "2019.01.08"]
[Round "1"]
[White "Sarana, Alexey"]
[Black "Zhou, Jianchao"]
[Result "1/2-1/2"]
[WhiteTitle "GM"]
[BlackTitle "GM"]
[WhiteElo "2630"]
[BlackElo "2609"]
[WhiteTeam "Australia Kangaroos"]
[BlackTeam "Dallas Destiny"]
[WhiteFideId "24133795"]
[BlackFideId "8603537"]
[EventDate "2019.01.08"]

1. d4 d5 2. Nf3 Nf6 3. Bf4 e6 4. e3 Bd6 5. Bg3 O-O 6. Nbd2 c5 7. c3 Qc7 8. dxc5
Qxc5 9. Bd3 Nbd7 10. e4 dxe4 11. Bxe4 Qc7 12. Qc2 Rd8 13. O-O-O Nc5 14. Bh4 h6
15. Nd4 Bf4 16. Kb1 Bxd2 17. Bxf6 gxf6 18. Rxd2 e5 19. Nb5 Qb6 20. Rxd8+ Qxd8
21. Rd1 Qb6 22. Bd5 Be6 23. Bxe6 Nxe6 24. Nd6 Rd8 25. Ne4 Rxd1+ 26. Qxd1 f5 27.
Nf6+ Kg7 28. Nh5+ Kg6 29. Qe2 Qa6 30. Qxa6 bxa6 31. Ng3 Nf4 32. c4 Nxg2 33. c5
Nf4 34. Kc2 Ne6 35. b4 e4 36. Kc3 Kf6 37. Kc4 Ke5 38. a4 f4 39. Ne2 f3 40. Ng3
f5 41. b5 axb5+ 42. axb5 f4 43. Nf1 Nd4 44. c6 Ne6 45. Nd2 Nc7 46. Kc5 Ne6+ 47.
Kc4 h5 48. h4 Nc7 49. Kc5 Ne6+ 50. Kc4 Nc7 51. Kc5 1/2-1/2